000 00743nam a22002177a 4500
999 _c20458
_d20458
005 20200221103407.0
008 190320b xxu||||| |||| 00| 0 spa d
020 _a9789588188492
040 _aCO-BoIAVH
_cCO-BoIAVH
041 _aspa
044 _ack
090 _aFG
_b0490
110 _aFundación zoológico Santacruz
245 _aAves
260 _aBogotá:
_bCorporación Autónoma Regional de Cundinamarca,
_c2015.
300 _a24 páginas
_bilustraciones blanco y negro, ilustraciones a color
650 0 _aAves
_xDescripción
650 0 _aAves
_xDistribucción
710 _aUniversidad Incca de Colombia, grupo en ecología evolutiva y biogeografía tropical (ECOBIT)
942 _2z
_cFolleto